"Kalbos kultūros" 61-70 sąsiuvinių rodyklės
| Titel: | "Kalbos kultūros" 61-70 sąsiuvinių rodyklės |
|---|---|
| Verfasser: | |
| In: |
Kalbos kultūra, Band 70 (1997), Seite 39-116 alle Artikel anzeigen |
| Veröffentlicht: | 1997 |
| Format: | Aufsatz |
| Sprache: | Litauisch |
X
alg: 39287806 001A $01999:11-11-16 001B $01999:28-04-17 $t15:21:33.000 001C $06050:19-11-16 $t09:07:31.000 001D $01999:11-11-16 001U $0utf8 001X $00 002@ $0Aox 003@ $0392878062 007A $0392878062 $aHEB 007T $0Herde00219 010@ $alit 011@ $a1997 021A $a"Kalbos kultūros" 61-70 sąsiuvinių rodyklės 027A $aRegister der Hefte 61-70 von "Kalbos kultūra" 028A $aBataitytė $dAlbina 031A $d70 $h39-116 $j1997 039B $aIn $8--Abvc--. Kalbos kultūra. - Vilnius : Inst., 1961-2013. - ISSN 0130-2795 $x199700000700000961 $9047578629 045T $a7,44 046C $aRegister der Hefte 61-70 von "Kalbos kultūra" $bÜbers. des Hauptsacht. lok: 39287806 78 exp: 39287806 78 1 #EPN 201B/01 $019-04-17 $t11:39:20.000 201U/01 $0utf8 203@/01 $0788988336 208@/01 $a11-11-16 $be 209A/01 $a/ $f000 $x00 220C/01 $aTitelaufnehmer: pk 220C/01 $aHerkunft: Baltische Bibliographie / P. Kaegbein 244Z/01 $2Trx $#Litauen $#Lithuania $#Litwa $#Litva $#Litva $8--Trx--Lietuva $x01 $9391193457 244Z/01 $2Trx $#keeleteadus $#kalbotyra $#Linguistics $#nyelvtudomány $#językoznawstwo $#jazykoveda $#jazykověda $#Linguistik $#lingvistika $8--Trx--Sprachwissenschaft $x02 $939137124X 244Z/01 $2Trx $8--Trx--Zeitschriftenaufsatz $x03 $9391384341 245Z/01 $a01.01 $x01 247C/01 $82080>Marburg/Lahn, Herder-Institut, Forschungsbibliothek, Bibliographieportal $9336309341
| LEADER | 00000caa a22000002c 4500 | ||
|---|---|---|---|
| 001 | 392878062 | ||
| 003 | DE-603 | ||
| 005 | 20170428152133.0 | ||
| 007 | tu | ||
| 008 | 161111s1997 xx |||| | u00||u|lit c | ||
| 035 | |a (DE-599)HEB392878062 | ||
| 040 | |a DE-603 |b ger |c DE-603 |d DE-603 | ||
| 041 | |a lit | ||
| 084 | |a 7,44 |2 ssgn | ||
| 100 | 1 | |a Bataitytė, Albina | |
| 245 | 0 | 0 | |a "Kalbos kultūros" 61-70 sąsiuvinių rodyklės |
| 246 | 1 | |i Übers. des Hauptsacht. |a Register der Hefte 61-70 von "Kalbos kultūra" | |
| 246 | 1 | 3 | |a Register der Hefte 61-70 von "Kalbos kultūra" |
| 264 | 0 | |c 1997 | |
| 773 | 0 | 8 | |i In |t Kalbos kultūra |d Vilnius : Inst., 1961-2013 |x 0130-2795 |g Band 70 (1997), Seite 39-116 |w (DE-603)047578629 |w (DE-600)411489-9 |
| 924 | 0 | |9 2080 |a (DE-603)788988336 |b DE-2080 |c HES |d d |g / | |


